Metod raznostnych potencialov dľa nekotorych zadač mechaniki splošnych sred /

Na minha lista:
Detalhes bibliográficos
Autor principal: Riabeňkij, V.S (Author)
Formato: Livro
Idioma:russo
Publicado em: Moskva : Nauka, 1987
Tags: Adicionar Tag
Sem tags, seja o primeiro a adicionar uma tag!

MARC

LEADER 00000nam a22000003a 4500
001 stu4764
005 20150617225811.6
008 931105s1987----xxr-----------------rus-d
040 |a STU  |b slo 
041 0 |a rus 
044 |a xxr 
080 |a 517.958 
080 |a 531  |7 stu_us_auth*stu7974 
100 1 |a Riabeňkij, V.S  |4 aut 
245 1 |a Metod raznostnych potencialov dľa nekotorych zadač mechaniki splošnych sred /  |c [aut.] Riabeňkij,V.S 
260 |a Moskva :  |b Nauka,  |c 1987 
300 |a 319 s 
996 |b E64978  |c E*64978  |l EE03  |s P  |a 0  |w stu4764_0001